000 00636nam a2200277Ia 4500
005 20260324132834.0
008 008 260324s9999 xx 000 0 eng d
020 _a9780203329306
037 _aEBOOK
040 _aCRL
040 _beng
040 _cCRL
041 _2eng
041 _aeng
084 _qCRL
100 _aMichael Levin
_91190815
245 0 _aMill on Civilization and Barbarism
260 _bTaylor and Francis
260 _c2004
365 _a
365 _b300
856 _uhttp://www.taylorfrancis.com/books/9780203329306
942 _cEBOOK
999 _c1789273
_d1789273